El espíritu de los hombres de Tierra del Fuego: Selknam. Yámanas. Kawéskar

Guardat en:
Dades bibliogràfiques
Autor principal: Gusinde, Martin (Autor)
Format: Llibre
Idioma:espanyol
francès
Publicat: París Xavier Barral 2014
Edició:1a. ed
Matèries:
Etiquetes: Afegir etiqueta
Sense etiquetes, Sigues el primer a etiquetar aquest registre!

MARC

LEADER 00000cam a2200000 a 4500
001 UCC0939
003 CL-VaPUC
008 170915e20140000fr |||||||||||||||||spa|d
020 |a 9782365110822 
041 0 7 |a spa  |2 CL-VaPUC 
041 0 7 |a fre  |2 CL-VaPUC 
082 0 4 |a 918.338404  |b GUS  |2 21 
100 0 |a Gusinde, Martin  |e author  |9 345711 
245 1 3 |a El espíritu de los hombres de Tierra del Fuego: Selknam. Yámanas. Kawéskar 
250 |a 1a. ed 
300 |a 295 p 
942 |c BK 
945 |d 20170915 11:20:00  |a dcastane 
260 |a París  |b Xavier Barral  |c 2014 
650 0 |a Fueguinos  |9 417010 
650 0 |a Descubrimientos y exploraciones  |9 266189 
650 0 |a Pueblo Selknam (Selk'nam)  |9 409908 
650 0 |a Yámanas  |9 390629 
650 7 |a KAWESQAR  |2 CL-VaPUC  |9 526228 
651 0 |a Tierra del Fuego   |9 345728 
583 |a last modification  |c 20170915 11:20:00  |k Rodrigo Vera 
999 |c 369564  |d 369562 
952 |0 0  |1 0  |3 erd  |4 0  |6 918_338404000000000_GUS_2014  |7 0  |8 R  |9 485465  |a BIBART  |b BIBART  |i 5424194  |o 918.338404 GUS 2014  |p 5424194  |r 2025-03-13  |w 2019-11-24  |y BK_R  |z Catalogado en:20170915  |k ART 
952 |0 0  |1 0  |3 erd  |4 0  |6 918_338404000000000_GUS_2014  |7 0  |8 R  |9 485466  |a BIBARQ  |b BIBARQ  |i 546014K  |l 2  |o 918.338404 GUS 2014  |p 546014K  |r 2025-01-20  |s 2024-09-24  |w 2019-11-24  |y BK_R  |z Catalogado en:20180323  |k ARQ